Wer war's? 2000er Musik Quiz #2 - Statistiken

Allgemein
  • Dieses Quiz wurde 422 mal gespielt
  • Das Durchschnittsergebnis liegt bei 8 aus 16
Antwortstatistiken
Hint Antwort % Korrekt
Lose Yourself Eminem
91%
Haus am See Peter Fox
89%
Hips Don't Lie Shakira
88%
Single Ladies Beyoncé
82%
YEAH! USHER, Lil Jon, Ludacris
66%
Empire State Of Mind JAY-Z, Alicia Keys
65%
Everytime We Touch Cascada
52%
Hollaback Girl Gwen Stefani
49%
Bye Bye Bye *NSYNC
49%
The Ketchup Song Las Ketchup
48%
This Love Maroon 5
39%
Can't Get You out Of My Head Kylie Minogue
37%
Crank That Soulja Boy
32%
Played-A-Live Safri Duo
19%
Don't Cha The Pussycat Dolls, Busta Rhymes
18%
Push The Button Sugababes
15%
Keine übereinstimmenden Quizze gefunden
Verteilung der Resultate
Anzahl Personen mit jedem Resultat
Perzentil nach korrekt beantworteten Fragen
Ihre Resultats-Entwicklung
Sie haben dieses Quiz noch nicht gespielt